000 00489nam a2200193Ia 4500
003 OSt
005 20240319095436.0
008 210210b1952 xxu||||| |||| 00| 0 eng d
040 _cAL
041 _aeng
082 _a828/184
100 _aDAWSON
_9155207
245 _aShape of sunday- an intimate biography of Lloyd C Douglas
260 _aBoston
_bHoughton mifflin company
_c1952
690 _aBiography
_9155217
700 _aWILSON
_9155218
906 _a016030
942 _2ddc
_cBK
999 _c135420
_d135420